LEADER 01431nam a2200277 4500 001 000000363017 003 CaOOAMICUS 005 20250606120253.0 008 250530s2022 it a 000 u ita r 040 $aSeMil$bita 100 1 $aJankovic, Momcilo.$0(OLS)http://semarc/name/46497 245 10$aFamiglie inaspettate :$btornare alla luce dopo la malattia /$cMomcilo Jankovic, Monica Terenziani ; fotografie di Attilio Rossetti ; con la partecipazione passionale di Francesco Fabiano e magica di Giangiacomo Schiavi. 264 1$aRoma :$bContrasto,$c2022. 300 $a183 p. :$bill. ;$c30 cm 650 4$aMalattia - Diari e memorie.$0(OLS)http://semarc/subject/48838 700 1 $aTerenziani, Monica,$d<1964- >.$0(OLS)http://semarc/name/122121 700 1 $aSchiavi, Giangiacomo.$0(OLS)http://semarc/name/12796 700 1 $aFabiano, Francesco.$0(OLS)http://semarc/name/29269 700 1 $aRosssetti, Attilio.$0(OLS)http://semarc/name/122122 850 $aSeMil 852 $aSeMil$W1$xVenegono$y1$m3X VI 60$j257940$B253893$CSeMilBibl$Z2$F253893 $81 941 1 $a7 961 $aOmaggio mons. Mario Delpini. ? Con dedica autografa dell?autore (Momcilo Jankovic) a mons. Delpini, 12 maggio 2025 996 $6245$aFamiglie inaspettate :$btornare alla luce dopo la malattia$9(OLS)http://semarc/title/454043 996 $6264$aRoma :$bContrasto$9(OLS)http://semarc/publisher/50182 LEADER 00733nam a2200193 i 4500 001 000000249872 003 CaOOAMICUS 005 20160629000000.0 008 160629s1953 fr u000 u fre u 013 $a228777 040 $aSeMil$bita 100 1 $aMaurois, André,$d<1885-1967>.$0(OLS)http://semarc/name/6962 245 10$aLelia, ou La vie de George Sand. 300 $a452 p. 773 0 $aMaurois, André <1885-1967>$tOeuvres complètes.$bN. 260 di ed. numerata.$dParis : Fayard, 1950-1955.$g14$w()33236 850 $aSeMil 852 $aSeMil$W1$xVenegono$y1$m1V VI 132$j200218$B200218$CSeMilBibl$Z2$F213503 $81 961 $aOmaggio: Sagramoso Guido 996 $6245$aLelia, ou La vie de George Sand$9(OLS)http://semarc/title/352045